Green supply chain management / (Record no. 23395)
[ view plain ]
| 000 -LEADER | |
|---|---|
| fixed length control field | 01225cam a22002655a 4500 |
| 001 - CONTROL NUMBER | |
| control field | 18330853 |
| 005 - DATE AND TIME OF LATEST TRANSACTION | |
| control field | 20161130141853.0 |
| 008 - FIXED-LENGTH DATA ELEMENTS--GENERAL INFORMATION | |
| fixed length control field | 141009t2014 nyua frb 000 0 eng d |
| 020 ## - INTERNATIONAL STANDARD BOOK NUMBER | |
| International Standard Book Number | 9781606506547 |
| 020 ## - INTERNATIONAL STANDARD BOOK NUMBER | |
| International Standard Book Number | 1606506544 |
| 040 ## - CATALOGING SOURCE | |
| Original cataloging agency | LHL |
| Transcribing agency | LHL |
| Modifying agency | YDXCP |
| -- | BTCTA |
| -- | CVM |
| -- | UBC |
| -- | NLGGC |
| -- | DLC |
| -- | EG-ScBUE |
| Language of cataloging | eng |
| 082 04 - DEWEY DECIMAL CLASSIFICATION NUMBER | |
| Classification number | 658.7 |
| Edition number | 22 |
| Item number | SAR |
| 100 1# - MAIN ENTRY--PERSONAL NAME | |
| Personal name | Sarkis, Joseph. |
| 245 10 - TITLE STATEMENT | |
| Title | Green supply chain management / |
| Statement of responsibility, etc | Joseph Sarkis. |
| 260 ## - PUBLICATION, DISTRIBUTION, ETC. (IMPRINT) | |
| Place of publication, distribution, etc | New York : |
| Name of publisher, distributor, etc | ASME Press : |
| -- | Momentum Press, |
| Date of publication, distribution, etc | c.2014. |
| 300 ## - PHYSICAL DESCRIPTION | |
| Extent | 67 p. : |
| Other physical details | ill. ; |
| Dimensions | 24 cm. |
| 490 1# - Series Statement | |
| Series statement | Technologies for sustainable life (TSL) -- concise monograph series |
| 504 ## - BIBLIOGRAPHY, ETC. NOTE | |
| Bibliography, etc | Bibliography : p. 62-67. |
| 505 0# - FORMATTED CONTENTS NOTE | |
| Formatted contents note | Introduction to GSCM and the technology perspective -- Overview of supply and value chain management -- Overview of corporate environmental management -- Green supply chain management elements and practices -- Management issues for GSCM and GSCM technology -- Overview of the GSCM research and theory -- Conclusion and future directions. |
| 650 #0 - SUBJECT ADDED ENTRY--TOPICAL TERM | |
| Topical term or geographic name as entry element | Business logistics |
| General subdivision | Environmental aspects. |
| Source of heading or term | BUEsh |
| 650 #7 - SUBJECT ADDED ENTRY--TOPICAL TERM | |
| Topical term or geographic name as entry element | Industrial management |
| General subdivision | Environmental aspects. |
| Source of heading or term | BUEsh |
| 9 (RLIN) | 22534 |
| 651 ## - SUBJECT ADDED ENTRY--GEOGRAPHIC NAME | |
| Source of heading or term | BUEsh |
| 653 ## - INDEX TERM--UNCONTROLLED | |
| Resource For college | BAEPS, Business Administration |
| Arrived date list | November2016 |
| 942 ## - ADDED ENTRY ELEMENTS (KOHA) | |
| Source of classification or shelving scheme | Dewey Decimal Classification |
| Withdrawn status | Item status | Source of classification or shelving scheme | Damaged status | Not for loan | Vendor | Home library | Current library | Shelving location | Date acquired | Source of acquisition | Cost, normal purchase price | Serial Enumeration / chronology | Total Checkouts | Total Renewals | Full call number | Barcode | Date last seen | Date last borrowed | Cost, replacement price | Koha item type |
|---|---|---|---|---|---|---|---|---|---|---|---|---|---|---|---|---|---|---|---|---|
| Dewey Decimal Classification | Baccah | Central Library | Central Library | First floor | 30/11/2016 | Purchase | 720.00 | 3648 | 2 | 5 | 658.7 SAR | 000040158 | 15/07/2025 | 20/02/2018 | 900.00 | Book - Borrowing |